000 00392nam a2200181Ia 4500
003 IT-RoPAU
008 120407s9999 xx 000 0 und d
040 _aIT-RoPAU
040 _cIT-RoPAU
100 _aRené De La Broise
245 _aVida de Maria
250 _aMadrid
260 _aEdiciones Paulinas
300 _c cm
490 _v1
700 _aValentino A. Gambi
942 _cBK
999 _c3103
_d3103